000 00678cam a22002052 4500
001 0000018749
005 20151217161146.0
008 100615s xx 000 0 eng d
020 _a8175344397 :
040 _aKABU
_cKABU
100 1 _aWharton, John Jane Smith.
_@0000178091
245 1 0 _aWharton's law lexicon :
_bwith exhaustive reference to Indian case law /
_cJ. J. S. Wharton.
250 _a15th ed.
260 _aNew Delhi :
_bUniversal Law,
_c2009.
300 _a1930 p. +
_e1 CD-ROM.
650 0 _aLaw
_vDictionaries
_zGreat Britain.
_@0000158665
852 1 _9p3600 KES
908 _a100615
950 _@1
999 _c15164
_d15164